ბათუმის შოთა რუსთაველის სახელმწიფო უნივერსიტეტის ბიბლიოთეკა

Origins and Evolution of the European Union / (ბიბ.ჩანაწერი № 53686)

000 -LEADER
fixed length control field 00949nam a2200277Ia 4500
001 - CONTROL NUMBER
control field 20734
003 - CONTROL NUMBER IDENTIFIER
control field GE_BSU
005 - DATE AND TIME OF LATEST TRANSACTION
control field 20221110150954.0
008 - FIXED-LENGTH DATA ELEMENTS--GENERAL INFORMATION
fixed length control field 181216s2015||||xx |||||||||||||| ||eng||
020 ## - INTERNATIONAL STANDARD BOOK NUMBER
International Standard Book Number 9780199570829x
040 ## - CATALOGING SOURCE
Transcribing agency GE_BSU
041 ## - LANGUAGE CODE
Language code of text/sound track or separate title eng
080 ## - UNIVERSAL DECIMAL CLASSIFICATION NUMBER
Universal Decimal Classification number 341.1 O-73
245 ## - TITLE STATEMENT
Title Origins and Evolution of the European Union /
Statement of responsibility, etc. Edited by Desmond Dinan.
250 ## - EDITION STATEMENT
Edition statement Second edition
264 ## - PRODUCTION, PUBLICATION, DISTRIBUTION, MANUFACTURE, AND COPYRIGHT NOTICE
Place of production, publication, distribution, manufacture Oxford :
Name of producer, publisher, distributor, manufacturer Oxford University Press,
Date of production, publication, distribution, manufacture, or copyright notice 2014.
300 ## - PHYSICAL DESCRIPTION
Extent 422 p. ;
Dimensions 24 cm.
440 ## - SERIES STATEMENT/ADDED ENTRY--TITLE
Title New European Union Series
9 (RLIN) 10434
500 ## - GENERAL NOTE
General note Bibl. : p.389-413
500 ## - GENERAL NOTE
General note Index. : p.415-422
653 ## - INDEX TERM--UNCONTROLLED
keyword Origins and Evolution of the European Union
653 ## - INDEX TERM--UNCONTROLLED
keyword Происхождение и эволюция Европейского Союза
653 ## - INDEX TERM--UNCONTROLLED
keyword ევროკავშირის ორიგინალები და ევოლუცია
653 ## - INDEX TERM--UNCONTROLLED
keyword სამართალი
942 ## - ADDED ENTRY ELEMENTS (KOHA)
Koha item type წიგნი
Source of classification or shelving scheme
ეგზემპლარები
Withdrawn status Lost status Source of classification or shelving scheme Damaged status Not for loan Permanent Location Current Location Shelving location Date acquired Cost, normal purchase price Full call number Barcode Date last seen Copy number Price effective from Koha item type Public note
          ბათუმის შოთა რუსთაველის სახელმწიფო უნივერსიტეტის მთავარი ბიბლიოთეკა ბათუმის შოთა რუსთაველის სახელმწიფო უნივერსიტეტის მთავარი ბიბლიოთეკა წიგნსაცავი 2018-12-17 120.00 341.1 O-73 54043 2018-12-17 54043 2018-12-17 წიგნი 120.00 GEL.
          ბათუმის შოთა რუსთაველის სახელმწიფო უნივერსიტეტის მთავარი ბიბლიოთეკა ბათუმის შოთა რუსთაველის სახელმწიფო უნივერსიტეტის მთავარი ბიბლიოთეკა წიგნსაცავი 2018-12-17 120.00 341.1 O-73 54044 2018-12-17 54044 2018-12-17 წიგნი 120.00 GEL.